000 00549nam a2200229Ia 4500
003 OSt
005 20221005115102.0
006 a|||||r|||| 00| 0
007 ta
008 221004b |||||||| |||| 00| 0 eng d
024 _a61797
037 _cTextual
040 _aCRL
_cCRL
_beng
041 _2eng
_aeng
082 _aS:3, K41
100 _aFlew Antony Co.
_9627088
245 0 _aBody, mind and death
260 _c1964
650 _aPSYCHOLOGY
942 _hS:3, K41
_cTEXL
_2cc
999 _c1033374
_d1033374